000 00976nam0a22002891 4500
001 rc\2580171
005 20250623115645.0
035 _a(NLR Aleph) 006744663
090 _a5681083
_c5681083
100 _a20110914d1928 |||y0rusy50 ca
101 0 _arus
102 _aRU
105 _ay z |||||
200 1 _aПраздник международной солидарности (Первое мая)
210 _aМосква
_cизд-во ЦК МОПР СССР
_d1928
_g3-я тип. Транспечати
215 _a28, [3] с.
_d19х14 см.
300 _aЗагл. обл.: Первое мая
300 _aОбложка: Х. С.
320 _aБиблиография: "Указатель литературы о 1 мая" (на 3 страницах)
512 0 _aПервое мая
700 1 _aГорнев
_bА.
801 0 _aRU
_bNLR
_gpsbo
801 1 _aRU
_bELAR
_2rusmarc
852 _aNLR
_j40/2779
942 _cBOOK
980 _aNB